League of Legends ou Overwatch - Statistiques

Statistiques générales
  • Ce quiz a été pris 2 275 fois
  • Le résultat moyen est 28 sur 30
Statistiques - réponses
Hint Réponse % Correct
Jinx League of Legends
96%
Akali League of Legends
96%
Ezreal League of Legends
96%
Teemo League of Legends
96%
Neeko League of Legends
96%
Vayne League of Legends
96%
Shyvana League of Legends
95%
Riven League of Legends
95%
Darius League of Legends
95%
Shaco League of Legends
95%
Katarina League of Legends
95%
D.Va Overwatch
95%
Quinn League of Legends
94%
Smolder League of Legends
94%
Milio League of Legends
94%
Chacal Overwatch
94%
Winston Overwatch
94%
Moira Overwatch
94%
Tracer Overwatch
94%
Doomfist Overwatch
94%
Bastion Overwatch
94%
Faucheur Overwatch
94%
Torbjörn Overwatch
93%
Pharah Overwatch
93%
Zyra League of Legends
92%
Sombra Overwatch
92%
Kiriko Overwatch
91%
Lucio Overwatch
91%
Ramattra Overwatch
91%
Mei Overwatch
90%
Aucun quiz correspondant
Distribution des résultats
% des personnes avec chaque résultat
Percentile par nombre de réponses
Votre historique - résultats
Vous n’avez pas pris ce quiz